Nossa vida no Brasil: (Registro n. 663)
[ somente texto ]
| 000 -LÍDER | |
|---|---|
| campo de controle de tamanho fixo | 01072nam a22002537a 4500 |
| 003 - IDENTIFICADOR DO NÚMERO DE CONTROLE | |
| campo de controle | BR-ViAPE |
| 005 - DATA E HORÁRIO DA ÚLTIMA TRANSAÇÃO | |
| campo de controle | 20260514113950.0 |
| 008 - CAMPO DE DADOS FIXOS--INFORMAÇÃO GERAL | |
| campo de controle de tamanho fixo | 260514s2013 por gs|||| 001 0 por d |
| 020 ## - ISBN - INTERNATIONAL STANDARD BOOK NUMBER | |
| Informação qualificadora | 978-85-98928-13-5 |
| 040 ## - FONTE DA CATALOGAÇÃO | |
| Instituição que transcreveu o registro | BR-ViAPE |
| 245 ## - TÍTULO | |
| Título | Nossa vida no Brasil: |
| Restante do título | imigração norte-americana no Espírito Santo 1867-1870 |
| 246 ## - FORMA VARIANTE DO TÍTULO | |
| Título/título abreviado | Our life in Brazil |
| 260 ## - PUBLICAÇÃO, DISTRIBUIÇÃO, ETC. | |
| Local de publicação, distribuição, etc. | Vitória |
| Nome do editor, distribuidor, etc. | Arquivo Público do Estado do Espírito Santo |
| Data da publicação, distribuição, etc. | 2013 |
| 300 ## - DESCRIÇÃO FÍSICA | |
| Extensão | 320 p. |
| Outros detalhes físicos | Documento digitalizado (PDF) |
| Dimensões | 21cm x 15cm |
| 490 ## - TÍTULO DA SÉRIE | |
| Título da série | Coleção Canaã |
| Número do volume ou designação sequencial da série | v. 17 |
| 500 ## - NOTA GERAL | |
| Nota geral | Obra disponibilizada em PDF por integrar a Coleção Canaã do APEES. |
| 650 ## - ASSUNTO--TERMO TÓPICO | |
| Cabeçalho tópico ou nome geográfico | Imigração |
| Subdivisão geral | Norte-americana |
| -- | Diário de viagem |
| Subdivisão geográfica | Espírito Santo (Brasil) |
| 651 ## - ASSUNTO—LOCAIS GEOGRÁFICOS E HISTÓRICOS | |
| Nome geográfico | Espírito Santo (Brasil) |
| 700 ## - ENTRADA ADICIONADA - NOME PESSOAL | |
| Nome pessoal | Keyes, Julia Louisa |
| Função do autor por extenso | autora |
| 700 ## - ENTRADA ADICIONADA - NOME PESSOAL | |
| Nome pessoal | Silva, Célio Antônio Alcântara |
| Função do autor por extenso | tradutor |
| 710 ## - ENTRADA ADICIONADA - NOME DA EMPRESA | |
| Nome corporativo ou nome da jurisdição | Arquivo Público do Estado do Espírito Santo |
| 856 ## - LOCALIZAÇÃO ELETRÔNICA E ACESSO | |
| Uniform Resource Identifier | <a href="https://ape.es.gov.br/Media/ape/PDF/Livros/LIVRO_NossaVidaNoBrasil_Editado.pdf">https://ape.es.gov.br/Media/ape/PDF/Livros/LIVRO_NossaVidaNoBrasil_Editado.pdf</a> |
| Texto de ligação | CLIQUE AQUI PARA ACESSAR O DOCUMENTO |
| 942 ## - ELEMENTOS DE ENTRADA ADICIONADOS (KOHA) | |
| Fonte da classificação ou esquema de arquivamento na estante | Dewey Decimal Classification |
| Tipo de material Koha | Livros |
| Ocultar no OPAC | Yes |
| Status de descarte | Fonte da classificação ou esquema de arquivamento na estante | Status físico | Não pode ser emprestado | Biblioteca de origem | Biblioteca atual | Data de aquisição | Total de empréstimos | Data de último acesso | Preço efetivo de | Tipo de material Koha |
|---|---|---|---|---|---|---|---|---|---|---|
| Dewey Decimal Classification | Biblioteca do Arquivo Público do Estado do Espírito Santo | Biblioteca do Arquivo Público do Estado do Espírito Santo | 05/14/2026 | 05/14/2026 | 05/14/2026 | Livros |